000 00550nam a2200193 i 4500
001 56715
003 ES-MaACL
005 20231205193243.0
007 t|
008 031013s1966 sp ||||1| spa d
100 1 _aDiego, Gerardo,
_d1896-1987
_944545
245 1 3 _aEl cordobés dilucidado y Vuelta del peregrino /
_cGerardo Diego.
246 3 _aVuelta del peregrino
250 _a1ª ed.
260 _aMadrid :
_bRevista de Occidente,
_c1966.
300 _a135 p. ;
_c22 cm.
852 _aES-MaACL
_jC-29063
999 _c56715
_d56715